000 01486nam a2200373 a 4500
001 ebr10675011
003 CaPaEBR
006 m u
007 cr cn|||||||||
008 100407s2010 nyua sb 001 0 eng d
010 _z 2010012180
020 _z9781616683238 (pbk.)
020 _z9781616687045 (e-book)
040 _aCaPaEBR
_cCaPaEBR
035 _a(OCoLC)705945321
050 1 4 _aQD323
_b.C56 2010eb
082 0 4 _a572/.56682
_222
100 1 _aCiolacu, Diana.
245 1 0 _aCelluose [sic] allomorphs
_h[electronic resource] :
_bstructure, accessibility and reactivity /
_cDiana Ciolacu and Valentin I. Popa.
246 3 _aCellulose allomorphs
260 _aNew York :
_bNova Science Publishers,
_cc2010.
300 _ax, 69 p. :
_bill.
490 1 _aPolymer science and technology
504 _aIncludes bibliographical references (p. [49]-61) and index.
533 _aElectronic reproduction.
_bPalo Alto, Calif. :
_cebrary,
_d2013.
_nAvailable via World Wide Web.
_nAccess may be limited to ebrary affiliated libraries.
650 0 _aCellulose
_xStructure.
650 0 _aCellulose
_xChemistry.
650 0 _aSupramolecular chemistry.
655 7 _aElectronic books.
_2local
700 1 _aPopa, Valentin I.
710 2 _aebrary, Inc.
830 0 _aPolymer science and technology series (Nova Science Publishers)
856 4 0 _uhttp://site.ebrary.com/lib/rucke/Doc?id=10675011
_zAn electronic book accessible through the World Wide Web; click to view
999 _c163889
_d163889